Statistics for Pokémon by Picture

Click here to take the quiz!

General Stats

  • This quiz has been taken 31,743 times
    (29,987 since last reset)
  • The average score is 14 of 16

Answer Stats

Answer% Correct
Pikachu
100%
Bulbasaur
96%
Mew
95%
Eevee
93%
Squirtle
93%
Charizard
91%
Snorlax
89%
Magikarp
87%
Meowth
86%
Psyduck
86%
Geodude
83%
Vulpix
80%
Diglett
79%
Koffing
76%
Mudkip
75%
Growlithe
74%

Score Distribution

Percentile by Number Answered

Percent of People with Each Score

Your Score History

You have not taken this quiz since the last reset